| 000 | 00489cam a2200193ua 4500 | ||
|---|---|---|---|
| 001 | 10347 | ||
| 008 | 180504n ii |||gr||||Z||||||eng | ||
| 020 | _a9780199463732 | ||
| 040 | _cMAIN | ||
| 041 | _aeng | ||
| 082 | _a004 | ||
| 100 |
_aThareja, Reema, _eAuthor. |
||
| 245 | _aComputer fundamentals and programming in C | ||
| 250 | _a2nd ed. | ||
| 260 |
_aNew Delhi: _bOxford university press, _c2017. |
||
| 300 | _a526p. | ||
| 653 | _aData processing & computer science | ||
| 942 | _cBK | ||
| 999 |
_c9337 _d9337 |
||